000 00738nam a2200253Ia 4500
003 OSt
005 20220918111914.0
006 a|||||r|||| 00| 0
007 ta
008 220915b |||||||| |||| 00| 0 eng d
024 _a33436
037 _cTextbook
040 _beng
_aARTS
_cARTS
041 _aeng
082 _aO111:g, L71 (EO)
100 _aBrower Reuben A Ed.
_911078
245 0 _aTwentieth century literature in retrospect ed. by Reuben A. Brower
260 _aCambridge
_bHarvard University Press UK
300 _a363p.
_ccm.
490 _aHarvard english studies; 2
650 _aENGLISH LITERATURE
942 _hO111:g, L71 (EO)
_cTB
_2CC
999 _c117126
_d117126